Word Ladder: Sir Mix-a-Lot's Dream Quiz Stats

Quiz Updated Jun 10, 2015

Challenge
Share
Tweet
Embed
Score 0/26 Timer 03:00
1 Play Today
Hint 4-Letter Word % Correct
Remains of a smoked cigaretteBUTT
95.1%
Hotdog necessitiesBUNS
94.8%
Participates in a marathonRUNS
94.2%
'You ____ what you sow'REAP
93.9%
Captain Morgan and Bacardi, e.g.RUMS
93.8%
To rip or pull apartTEAR
93.7%
A step on a ladderRUNG
93.6%
Maneuver in baseball that involves tapping the ballBUNT
93.2%
Hitchcock film, '____ Window'REAR
92.8%
A camel's fatty depositHUMP
91.3%
Cinderella's destinationBALL
90.5%
Common plant fiber used for ropesHEMP
90.2%
Lurch's expression: 'You ____'?RANG
90.1%
Hint 4-Letter Word % Correct
Type of steakRUMP
89.8%
A pile or a large number of somethingHEAP
89.7%
Position on a list relative to othersRANK
84.2%
Thomas' engine typeTANK
83.6%
They might be green, white, or oolongTEAS
82.8%
Small Starbucks drink sizeTALL
81.7%
The back of an airplaneTAIL
81.7%
Illegal maneuver in baseballBALK
81.4%
Remove excess waterBAIL
80.6%
It's cheap, so it's saidTALK
76.8%
Alexander HamiltonsTENS
75.1%
It's what baby's got?BACK
73.9%
Casks for holding beer or wineTUNS
73.5%

Today's Daily Dose

Word Ladder
Summertime

On This Day
June 23rd II

You're not logged in!

Compare scores with friends on all Sporcle quizzes.
Join for Free
OR
Log In

You Might Also Like...

Show Comments

Extras

Top Quizzes Today


Score Distribution

Your Account Isn't Verified!

In order to create a playlist on Sporcle, you need to verify the email address you used during registration. Go to your Sporcle Settings to finish the process.

Report this User

Report this user for behavior that violates our Community Guidelines.

Details: